000 00920nam a22002177a 4500
999 _c2770
_d2770
005 20251125232744.0
008 s2536 th tha d
020 _a9747771446
040 _aNALT
041 _atha
050 _aDS570.3 ภ7ค3 2536
245 1 0 _aจากฟ้า...สู่ดิน เล่ม 8
260 3 _aกรุงเทพฯ :
_bสำนักงานเสริมสร้างเอกลักษณ์ของชาติ สำนักเลขาธิการนายกรัฐมนตรี,
_c2536
300 _a194 หน้า :
_b ภาพประกอบ ;
_c 26 ซม.
650 0 4 _aโครงการหลวง
650 0 4 _aโครงการอันเนื่องมาจากพระราชดำริ
850 _aNALT
856 4 0 _uhttps://hdl.handle.net/20.500.14156/443887
_71
942 _cGB
_2lcc